MDQL
is popping MORE tags! Check the
thread
!
Quizzes
Events
Quiz Creation
Community
Videos
Private Events
Remove Ads
Sign In
Join for FREE
Feedback
Dark Mode
Quiz Categories
Sports
Geography
Music
Movies
Television
Just For Fun
Miscellaneous
History
Literature
Language
Science
Gaming
Entertainment
Religion
Holiday
For Kids
Quiz Lab
Recent
Popular Today
Quiz Kudos Today
Editor Picks
Curator Picks
Quizzes by...
Day
Popularity
Type
Ratings
Length
Year
Community
Subscriptions
Recent Discussions
Orange Saloon
Badges
Playlists
Quests
Create
Leaderboards
Showdown
Live 5
Trivia Bingo
Activity
Puzzle Library
Sporcle Events
Private Events
Virtual Trivia
Globe League
Become a Host
Pub Owners
SporcleCon
Opinionation
Our Games
Videos
Blog
Mobile Apps
Partnerships
Remove Ads and Go Orange
Feedback
Language
Vocabulary
Begins and Ends
Definition
Spanish
French
German
Italian
Chinese
Latin
Translation
Japanese
Language
Vocabulary
Begins and Ends
Definition
Spanish
French
German
Italian
Chinese
Latin
Translation
Japanese
Random Quiz
Search Sporcle
×
Quiz Lab
Quiz Lab
Language
Counting
Type in answers that appear in a list
Type in answers that appear in a list
Classic
Best Score? Go Orange.
Nahuatl Counting Stats
Can you name the Nahuatl numbers?
By
krubo
5m
30 Questions
29 Plays
29 Plays
29 Plays
Comments
Comments
Give Quiz Kudos
Give Quiz Kudos
-
- Ratings
hide this ad
More Info
Replay
Link that replays current quiz
Next Quiz
Link to next quiz in quiz playlist
You Got
0%
They Got
Avg Score
31%
Avg Friend Score
Upgrade to see
Score Distribution
Jump to the score distribution portion of the page
Score
0/30
Timer
05:00
0
Plays Today
Number
Nahuatl
% Correct
2
ommē
96.6%
1
cēn
75.9%
4
nahui
75.9%
5
macuilli
62.1%
7
chicommē
58.6%
3
eyi
48.3%
8
chicueyi
41.4%
9
chicnahui
41.4%
6
chicuacēn
37.9%
10
matlactli
31%
15
caxtolli
31%
20
cempohualli
27.6%
40
ompohualli
27.6%
11
matlactli huan cēn
24.1%
13
matlactli huan eyi
24.1%
Number
Nahuatl
% Correct
19
caxtolli huan nahui
20.7%
28
cempohualli huan chicueyi
20.7%
39
cempohualli caxtolli huan nahui
20.7%
100
macuilpohualli
20.7%
52
ompohualli matlactli huan ommē
17.2%
60
expohualli
17.2%
75
expohualli huan caxtolli
17.2%
80
nahpohualli
17.2%
300
caxtolpohualli
17.2%
400
centzontli
13.8%
1999
nahtzontli caxtolhuannahpohualli caxtolli huan nahui
13.8%
2010
macuiltzontli huan matlactli
13.8%
plus
huan
13.8%
365
caxtolhuanexpohualli huan macuilli
10.3%
8000
cenxiquipilli
10.3%
Quiz Playlist
Details
Report
Send in Message
Add To Playlist
More Info:
This is Huateca Nahuatl as spoken near Xilitla, SLP. My spellings use c/z/qu/ll without any k/s.
Classic:
Type in answers that appear in a list
Last Updated: Feb 16, 2017
Quiz Scoreboard
CHALLENGE
Sign Up to Join the Scoreboard
Show All
Scores
Hide
Comments
May contain spoilers
Recently Published
Colored Red Africa Blitz
by spor1
Geography
30s
Find the 'City' Movie
by crazypaving
Movies
60s
5x2 Blitz: Bands
by SL_Kpop136
Music
30s
More to Explore
Quiz From the Vault
Featured Blog Post
14 Easter Pick-up Lines to Find Eggs With
hide this ad
You Might Also Like...
Tags
Counting
Today's Top Quizzes in Language
Browse Language
hide this ad
Today's Top Quizzes in Counting
Browse Counting
Top Contributed Quizzes in Language
1
Arabic Numerals
2
1-10 Letter H Words III
3
1-10 Letter F Words III
4
1-10 Letter G Words III
5
1-10 Letter I Words III
6
1-10 Letter M Words III
7
1-10 Letter K Words III
8
1-10 Letter L Words III
9
1-10 Letter N Words III
10
1-10 Letter J Words III
Explore More
Trending Topics
Anime
Kpop
Crossword
NBA
Harry Potter
Disney
Marvel
Country
Song
Puzzle
The Office
WWE
Soccer
Pokémon
NFL
hide this ad
More By:
krubo
Quiz
Plays
Rating
Category
Featured
Created
Nahuatl Counting
29
5.00
Language
Jun 27, 2010
Go to Creator's Profile
Score Distribution
Quiz Creator Spotlight
krubo
Follow
Send a Message
Quizzes Created
-
Created Quiz Play Count
-
More By This Creator
Popular Quizzes Today
1
Find the 'City' Movie
2
Colored Red Africa Blitz
3
Find the US States - No Outlines Minefield
4
5x2 Blitz: Bands
5
The Countries of the World
6
Find the US States
7
US States
8
9x9 Crossword: Cartoon Network
More Language Quizzes
Word Fragment IV
Published
Trending Quizzes
Colored Red Europe Blitz I
Colored Red Europe Blitz II
Colored Red Africa Blitz II
Colored Red Africa Blitz III
Colored Red Europe Blitz III
Recently Updated
2024 March Madness Bracket
pecheneg
Famous TV Couples
Peacemaker
Champions League XIs: Real Madrid
pecheneg
Largest US Cities 1790-2010
pecheneg
Rides in Walt Disney World
pecheneg
Most Oscar Losses (Acting)
pecheneg
Beyoncé Albums
pecheneg
Leaping Animals
pecheneg
Reality TV Shows (A-Z)
bhenderson79
Rickey Henderson's Hall of Fame Teammates
pecheneg
Trending Topics
Crossword
Marvel
Disney
Harry Potter
NBA
Kpop
Anime
Country
NFL
The Office
WWE
Song
Pokémon
Puzzle
Soccer
Your Account Isn't Verified!
In order to create a playlist on Sporcle, you need to verify the email address you used during registration. Go to your
Sporcle Settings
to finish the process.
Report this User
Report this user for behavior that violates our
Community Guidelines
.
Details:
Send Report
Go to the Sporcle.com Mobile Site →
Comments